| 000 | | | 03949nac2a22002651x 450 |
| 001 | | | 6a50ea8a-8984-4f6c-8960-ac382186d1dc |
| 005 | | | 20170731150447.0 |
| 100 | ## | $a | 20170511l1936 k y0rusy50 ca |
| 101 | 0# | $a | rus |
| 102 | ## | $a | RU |
| 105 | ## | $a | y z ||||| |
| 122 | 0# | $a | d19361231 |
| 122 | 2# | $a | d1936 |
| | $a | d1937 |
| 200 | 1# | $a | Проекты Конституции (Основного закона) Северо-Осетинской Автономной Советской Социалистической Республики |
| | $j | 1936 |
| 215 | ## | $a | 101 лист |
| 251 | ## | $c | Дело |
| 300 | ## | $a | Заголовок дела на папке: Проекты Конституции (Основного закона) Северо-Осетинской Автономной Советской Социалистической Республики. 1936/1937 гг. |
| 300 | ## | $a | Машинописный текст |
| 461 | #0 | $1 | 001796d4672-8a00-4986-b488-6e42273792cc |
| | $1 | 2001 |
| | $a | ЦЕНТРАЛЬНЫЙ ИСПОЛНИТЕЛЬНЫЙ КОМИТЕТ СССР (ЦИК СССР) |
| | $1 | 251 |
| | $c | Фонд |
| | $1 | 852 |
| | $j | 3316 |
| | $g | Р |
| 462 | #0 | $1 | 0010736b8bf-8840-4bca-ade5-9763b78610b8 |
| | $1 | 2001 |
| | $a | Дела Конституционной Комиссии за 1936 год |
| | $v | Д. 52 |
| | $1 | 251 |
| | $c | Опись |
| | $1 | 852 |
| | $j | 40 |
| 517 | 1# | $a | Проекты Конституции (Основного закона) Северо-Осетинской Автономной Советской Социалистической Республики. 1936/1937 гг. |
| 601 | 01 | $3 | RU\NLR\AUTH\880357276 |
| | $a | СССР |
| | $b | ЦИК |
| 801 | #0 | $a | RU |
| | $b | GA_RF |
| 801 | #1 | $a | RU |
| | $b | АО "НПО Опыт" |
| | $c | 20170511 |
| | $2 | rusmarc |
| 801 | #2 | $a | RU |
| | $b | ПБ им. Б.Н. Ельцина |
| | $c | 20170731 |
| | $g | RCR |
| | $2 | rusmarc |
| 852 | ## | $a | ГА РФ |
| | $j | 52 |
| 937 | ## | $d | 100866243 |
| | $h | ПБ |
| 035 | ## | $a | RuPRLIB51042217 |
| 856 | ## | $u | http://readingroom.main.prlib.ru/item.aspx?id_node=n100866243&mode=full |